000 00464nam a2200145 4500
999 _c10881
_d10881
008 180925b ||||| |||| 00| 0 eng d
022 _a2094-8042
082 _aDPer 370.105 M72 Jan-Dec 2011 v59-60
100 _931655
_aBolaños, Girlie C.
245 _aThe children of today/
_cGirlie C. Bolaños.
260 _aPhilippines:
_bIn the Grade School, Inc.,
_cc2011.
300 _av60 n5, pages 190-192;
_c27cm.
650 0 _931656
_aChildren.
942 _2ddc
_cPER